| 000 | 01056nam a22001937a 4500 | ||
|---|---|---|---|
| 005 | 20240409144048.0 | ||
| 010 | _aHIN-127282 | ||
| 020 |
_a 9788173294921 _c480.00 |
||
| 035 | _aHN-99628 | ||
| 037 | _bDBAD/PUB | ||
| 082 | _a921 | ||
| 100 |
_aचक्रवर्ती,त्रैलोक्यनाथ _964486 |
||
| 245 |
_aमैं विद्रोही-चिर अशान्त जेल में तीस बरस / _cत्रैलोक्यनाथ चक्रवर्ती;महादेव साहा द्वारा अनुवादित;सत्यनारायण शर्मा द्वारा सम्पादित |
||
| 250 | _a1 | ||
| 260 |
_a दिल्ली _b शिलालेख पब्लिशर्स _c2021 |
||
| 270 |
_a4/32, सुभाष गली, विश्वास नगर शाहदरा, _b दिल्ली _e110032 |
||
| 300 |
_a277पृ.; _c23 सेमी.(सजिल्द) |
||
| 942 |
_2ddc _cHN _h921 _mत्रैलोक्य |
||
| 999 |
_c201974 _d201974 |
||